K možnosti nového uspořádaní globální interdependence a takzvané nové obchodní geografie

Dynamika a regionálna štruktúra postupného oslabovania starého modelu. Dôvody rastu významu rozvojových krajín vo svetovom obchode. Limity rastu obchodu "Juh-Juh", resp. triangulárneho obchodu.

Salvato in:
Dettagli Bibliografici
Autore principale: Foltýn, Jaroslav
Altri autori: Jeníček, Vladimír
Natura: Capitolo di libro
Lingua:ceco
Soggetti:
Tags: Aggiungi Tag
Nessun Tag, puoi essere il primo ad aggiungerne!!

MARC

LEADER 00000naa$a2200000$$$4500
001 0057019
005 20231102111204.5
041 0 |a cze 
044 |a SK 
245 1 0 |a K možnosti nového uspořádaní globální interdependence a takzvané nové obchodní geografie  |c Jaroslav Foltýn, Vladimír Jeníček 
520 |a Dynamika a regionálna štruktúra postupného oslabovania starého modelu. Dôvody rastu významu rozvojových krajín vo svetovom obchode. Limity rastu obchodu "Juh-Juh", resp. triangulárneho obchodu. 
610 2 0 |a obchod svetový 
610 2 0 |a globalizácia 
610 2 0 |a krajiny rozvojové 
610 2 0 |a integrácia ekonomická medzinárodná 
610 2 0 |a geografia hospodárska 
610 2 0 |a Čína 
610 2 0 |a Ázia 
100 1 |a Foltýn, Jaroslav 
700 1 |a Jeníček, Vladimír